| 000 | 00659naa a2200181 a 4500 | ||
|---|---|---|---|
| 003 | MX-MxUPN | ||
| 005 | 20260227063945.0 | ||
| 008 | 250806s2024 mx |||||r|||| 000 0 spa d | ||
| 020 | _a9786075763750 | ||
| 040 |
_aMX-MxUPN _bspa _cMX-MxUPN |
||
| 041 | 0 | _aspa | |
| 100 | 1 |
_aCalixto Flores, Raúl _uUniversidad Pedagógica Nacional (México) _928624 |
|
| 245 | 1 | 0 | _aEscenarios de la educación en el transcurrir de la crisis ambiental |
| 260 |
_aCiudad de México : _bAlfaomega, _c©2024. |
||
| 300 | _app. 1-18 | ||
| 650 | 4 |
_aEducación ambiental _94338 |
|
| 773 |
_tFuturos sostenibles : estrategias y visiones para un desarrollo multisectorial _z9786075763750 |
||
| 999 |
_c213671 _d213671 |
||